=LDR 00000nam 2200000 4500 =001 INLIS000000000008228 =005 20200429120107 =035 ##$$a 0010-061300000008228 =008 200429################g##########0#ind## =041 ##$$a Ind =082 ##$$a 2x3.71 =090 ##$$a 2x3.71, Ham m =100 1#$$a Hambali, Muflik Al-Maqdisi =245 1#$$a Musibah manusia, akibat tipu daya setan, /$c Muflik Al-Maqdisi Hambali =260 ##$$a Jakarta :$b Daru haq,$c 2001 =300 ##$$a x, 272 hlm, ; $c 14 x 24 cm =650 #4$$a Jin dan syetan =850 ##$$a NBPNMAT =020 ##$$a 979-9137-48-9 =084 ##$$a 2x3.71 HAM m =990 ##$$a 171.208/Pro.2002 =990 ##$$a 171.209/Pro.2002 =990 ##$$a 171.210/Pro.2002